000 01039 a2200229 4500
003 Nust
005 20221209105739.0
010 _a 93016385
020 _a0240513339
040 _cNust
082 0 0 _a621.382,RUM
100 1 _aRumsey, Francis.
_9104540
245 1 4 _aThe digital interface handbook /
_cFrancis Rumsey and John Watkinson.
260 _aOxford ;
_aBoston :
_bFocal Press,
_c1993.
300 _a220 p. :
_bill. ;
_c24 cm.
505 _aIntroduction to Interfacing (Page-1), Introduction to Digital Audio and Video (Page-20), Digital Transmission (Page-57), Digital Audio Interfaing 1 (Page-89), Digital Audio Interfaing 2 (Page-126), Synchronization in Digital Audio Interfacing (Page-142), Practical Audio Interfacing (Page-162), Digital Video Interfacing (Page-179)
650 0 _aDigital communications
_xHandbooks, manuals, etc.
_9104541
650 0 _aDigital electronics
_xHandbooks, manuals, etc.
_9104542
650 0 _aTelecommunication Engineering
700 1 _aWatkinson, John,
_d1950-
_9104543
942 _2ddc
_cBK
999 _c176367
_d176367